000 00507nam a2200181 a 4500
001 7398
003 CO-ViMGA
008 141112s2004 ck r 000 u spa d
040 _aCO-ViMGA
_bspa
_cCO-ViMGA
082 0 4 _a923.7 P687j
100 1 _aJouxenet, Louis - Pierre
_96654
245 1 0 _aRousseau :
_bPedagogĂ­a y polĂ­tica
260 _aMexico :
_bTrillas,
_c1989
300 _a104 p
490 _aBiblioteca grandes educadores, 3
650 1 4 _aROUSSEAU, JUAN JACOBO 1712 - 1778
_96655
942 _2ddc
_cBK
999 _c19355
_d19355